00775nam a22002177a 4500003000500000005001700005008004100022010001000063011001000073035001000083040000900093100003100102245011500133260004000248300003000288502009900318650002300417650004500440650003600485650003600521CHAP20220329133948.0971013s1994 r 00010 d a13282 a14254 a18327 cCHAP00aAnzaldo Salazar, Angelica. aPlaneación regional, obtención de un patrón óptimo de cultivos del DDR 005b: Tepic, estado de Nayarit aChapingo, Méx. :bEl autor,c1994 a113 h.b: ilus.e+ anexos aTesis (Ing. Agr. Esp. en Economía Agrícola) -- UACH. Departamento de Economía Agrícola14aCultivosxNayarit.14aDistrito de Desarrollo Rural Tepic, Nay.14aPlaneación regionalxNayarit.14aPolítica agrícolaxNayarit.